| 000 | 00721nam a2200277Ia 4500 | ||
|---|---|---|---|
| 008 | 190123s9999 xx 000 0 und d | ||
| 020 | _a9780590336727 | ||
| 050 | _bN752 1980 | ||
| 100 | _aNoble, Trinka Hakes | ||
| 245 | 4 | _aThe day Jimmy's Boa ate the wash / | |
| 245 | 0 | _cby Trinka Hakes Noble ; pictures by Steven Kellogg. | |
| 260 | _aNew York, New York : | ||
| 260 | _bScholastic, | ||
| 260 | _c1980 | ||
| 300 | _aunpaged : | ||
| 300 | _bcolored illustrations ; | ||
| 300 | _c23cm. | ||
| 500 | _a540L | ||
| 650 | _aBoa constrictor. | ||
| 650 | _aFarms. | ||
| 650 | _aSchool field trips. | ||
| 650 | _aSchools. | ||
| 650 | _aSnakes as pets. | ||
| 700 | _aKellogg, Steven. | ||
| 700 | _aTitle. | ||
| 999 |
_c361036 _d361036 |
||